=LDR 00000nam 2200000 4500 =001 INLIS000000000000768 =005 20130612085211 =008 ***********************************Ind** =035 ##$$0010-061300000000768 =041 ##$$a Ind =082 ##$$a 92(Arif) =090 ##$$a 92(Arif), Kut-h =100 ##$$a Kutoyo, Sutrisno =245 ##$$a Haji Hasan Arif, Riwayat hidup dan perjuangannya, Sutrisno Kutoyo =260 ##$$a 1983 $b Jakarta =300 ##$$a 72 hlm, ilus, 20 cm =650 ##$$a Arif, H =650 ##$$a Hasan =850 ##$$a NBPNMAT